<?xml version="1.0" encoding="UTF-8"?>
<record
    xmlns:xsi="http://www.w3.org/2001/XMLSchema-instance"
    xsi:schemaLocation="http://www.loc.gov/MARC21/slim http://www.loc.gov/standards/marcxml/schema/MARC21slim.xsd"
    xmlns="http://www.loc.gov/MARC21/slim">

  <leader>02894nam a22002537a 4500</leader>
  <controlfield tag="005">20230124152046.0</controlfield>
  <controlfield tag="008">230124b           ||||| |||| 00| 0 eng d</controlfield>
  <datafield tag="020" ind1=" " ind2=" ">
    <subfield code="a">9788195308569</subfield>
  </datafield>
  <datafield tag="040" ind1=" " ind2=" ">
    <subfield code="c">AL</subfield>
  </datafield>
  <datafield tag="041" ind1=" " ind2=" ">
    <subfield code="a">hin</subfield>
  </datafield>
  <datafield tag="082" ind1=" " ind2=" ">
    <subfield code="2">23</subfield>
    <subfield code="a">H891.3</subfield>
    <subfield code="b">DOYN</subfield>
  </datafield>
  <datafield tag="100" ind1=" " ind2=" ">
    <subfield code="a">Arthur Conan Doyle: &#x906;&#x930;&#x94D;&#x925;&#x930; &#x915;&#x949;&#x928;&#x928; &#x921;&#x93E;&#x92F;&#x932; </subfield>
    <subfield code="9">69731</subfield>
  </datafield>
  <datafield tag="100" ind1=" " ind2=" ">
    <subfield code="d">Sanjiv Nigam: &#x938;&#x902;&#x91C;&#x940;&#x935; &#x928;&#x93F;&#x917;&#x92E; Tr</subfield>
    <subfield code="9">69724</subfield>
  </datafield>
  <datafield tag="245" ind1=" " ind2=" ">
    <subfield code="a">Nachti akratiyaan: Sherlock Holmes ke jasoosi karnamein:</subfield>
    <subfield code="b">&#x928;&#x93E;&#x91A;&#x924;&#x940; &#x906;&#x915;&#x943;&#x924;&#x93F;&#x92F;&#x93E;&#x902;: &#x936;&#x930;&#x94D;&#x932;&#x93E;&#x915; &#x939;&#x94B;&#x932;&#x94D;&#x92E;&#x94D;&#x938; &#x915;&#x947; &#x91C;&#x93E;&#x938;&#x942;&#x938;&#x940; &#x915;&#x93E;&#x930;&#x928;&#x93E;&#x92E;&#x947;&#x902; </subfield>
  </datafield>
  <datafield tag="260" ind1=" " ind2=" ">
    <subfield code="a">Dilli</subfield>
    <subfield code="b">Radhakrishna Prakashan</subfield>
    <subfield code="c">2021</subfield>
  </datafield>
  <datafield tag="300" ind1=" " ind2=" ">
    <subfield code="a">232p.</subfield>
    <subfield code="b">PB</subfield>
    <subfield code="c">19x12cm.</subfield>
  </datafield>
  <datafield tag="365" ind1=" " ind2=" ">
    <subfield code="2">Hindi</subfield>
    <subfield code="a">1831</subfield>
    <subfield code="b">212.00</subfield>
    <subfield code="c">&#x20B9;</subfield>
    <subfield code="d">250.00</subfield>
    <subfield code="e">15%</subfield>
    <subfield code="f">11-12-2022</subfield>
  </datafield>
  <datafield tag="520" ind1=" " ind2=" ">
    <subfield code="a">&#x936;&#x930;&#x932;&#x949;&#x915; &#x939;&#x94B;&#x92E;&#x94D;&#x938; &#x92C;&#x94D;&#x930;&#x93F;&#x91F;&#x93F;&#x936; &#x932;&#x947;&#x916;&#x915; &#x938;&#x930; &#x906;&#x930;&#x94D;&#x925;&#x930; &#x915;&#x949;&#x928;&#x928; &#x921;&#x93E;&#x92F;&#x932; &#x915;&#x93E; &#x915;&#x93E;&#x932;&#x94D;&#x92A;&#x928;&#x93F;&#x915; &#x91A;&#x930;&#x93F;&#x924;&#x94D;&#x930; &#x939;&#x948;, &#x932;&#x947;&#x915;&#x93F;&#x928; &#x932;&#x94B;&#x915;&#x92A;&#x94D;&#x930;&#x93F;&#x92F;&#x924;&#x93E; &#x915;&#x947; &#x92E;&#x93E;&#x92E;&#x932;&#x947; &#x92E;&#x947;&#x902; &#x935;&#x939; &#x905;&#x92A;&#x928;&#x947; &#x930;&#x91A;&#x92F;&#x93F;&#x924;&#x93E; &#x938;&#x947;  &#x915;&#x939;&#x940;&#x902; &#x91C;&#x93C;&#x94D;&#x92F;&#x93E;&#x926;&#x93E; &#x92A;&#x94D;&#x930;&#x938;&#x93F;&#x926;&#x94D;&#x927; &#x939;&#x948;&#x964; &#x935;&#x930;&#x94D;&#x937; 1887 &#x92E;&#x947;&#x902; &#x905;&#x92A;&#x928;&#x940; &#x92A;&#x939;&#x932;&#x940; &#x91C;&#x93E;&#x938;&#x942;&#x938;&#x940; &#x915;&#x939;&#x93E;&#x928;&#x940; &#x2018;&#x917;&#x94D;&#x932;&#x94B;&#x930;&#x93F;&#x92F;&#x93E; &#x938;&#x94D;&#x915;&#x949;&#x91F;&#x2019; &#x92E;&#x947;&#x902; &#x921;&#x93E;&#x92F;&#x932; &#x928;&#x947; &#x909;&#x938;&#x947; &#x92A;&#x939;&#x932;&#x940; &#x92C;&#x93E;&#x930; &#x915;&#x93E;&#x917;&#x93C;&#x91C;&#x93C; &#x92A;&#x930; &#x909;&#x924;&#x93E;&#x930;&#x93E; &#x914;&#x930; &#x92B;&#x93F;&#x930; &#x935;&#x939; &#x909;&#x928;&#x915;&#x947; &#x91A;&#x93E;&#x930; &#x909;&#x92A;&#x928;&#x94D;&#x92F;&#x93E;&#x938;&#x94B;&#x902; &#x924;&#x925;&#x93E; &#x91B;&#x92A;&#x94D;&#x92A;&#x928; &#x915;&#x939;&#x93E;&#x928;&#x93F;&#x92F;&#x94B;&#x902; &#x92E;&#x947;&#x902; &#x905;&#x92A;&#x930;&#x93E;&#x927;&#x94B;&#x902; &#x915;&#x940; &#x917;&#x941;&#x924;&#x94D;&#x925;&#x93F;&#x92F;&#x93E;&#x901; &#x938;&#x941;&#x932;&#x91D;&#x93E;&#x924;&#x93E; &#x930;&#x939;&#x93E;&#x964;
&#x905;&#x928;&#x947;&#x915; &#x92B;&#x93C;&#x93F;&#x932;&#x94D;&#x92E;&#x94B;&#x902; &#x914;&#x930; &#x927;&#x93E;&#x930;&#x93E;&#x935;&#x93E;&#x939;&#x93F;&#x915;&#x94B;&#x902; &#x915;&#x93E; &#x935;&#x93F;&#x937;&#x92F;&#x200C; &#x92C;&#x928; &#x91A;&#x941;&#x915;&#x947; &#x936;&#x930;&#x932;&#x949;&#x915; &#x939;&#x94B;&#x92E;&#x94D;&#x938; &#x915;&#x940; &#x935;&#x93F;&#x936;&#x947;&#x937;&#x924;&#x93E; &#x939;&#x948;&#x2013;&#x91C;&#x93E;&#x938;&#x942;&#x938;&#x940; &#x915;&#x94B; &#x932;&#x947;&#x915;&#x930; &#x909;&#x938;&#x915;&#x93E; &#x938;&#x939;&#x91C;&#x92C;&#x94B;&#x927; &#x914;&#x930; &#x906;&#x92A;&#x930;&#x93E;&#x927;&#x93F;&#x915; &#x930;&#x939;&#x938;&#x94D;&#x92F;&#x94B;&#x902; &#x915;&#x94B; &#x916;&#x94B;&#x932;&#x928;&#x947; &#x915;&#x947; &#x92A;&#x94D;&#x930;&#x924;&#x93F; &#x909;&#x938;&#x915;&#x940; &#x92E;&#x93E;&#x928;&#x935;&#x940;&#x92F; &#x938;&#x926;&#x93F;&#x91A;&#x94D;&#x91B;&#x93E;&#x964; &#x909;&#x938;&#x915;&#x940; &#x924;&#x93E;&#x930;&#x94D;&#x915;&#x93F;&#x915; &#x92C;&#x941;&#x926;&#x94D;&#x927;&#x93F; &#x926;&#x947;&#x930;-&#x938;&#x92C;&#x947;&#x930; &#x905;&#x92A;&#x930;&#x93E;&#x927;&#x940; &#x915;&#x947; &#x926;&#x93F;&#x92E;&#x93E;&#x917;&#x93C; &#x915;&#x940; &#x915;&#x93E;&#x930;&#x94D;&#x92F;&#x936;&#x948;&#x932;&#x940; &#x915;&#x94B; &#x938;&#x92E;&#x91D; &#x91C;&#x93E;&#x924;&#x940; &#x939;&#x948;, &#x914;&#x930; &#x92B;&#x93F;&#x930; &#x909;&#x938;&#x947; &#x915;&#x93F;&#x938;&#x940; &#x92D;&#x940; &#x92E;&#x93E;&#x92E;&#x932;&#x947; &#x915;&#x94B; &#x938;&#x941;&#x932;&#x91D;&#x93E;&#x928;&#x947; &#x92E;&#x947;&#x902; &#x938;&#x92E;&#x92F; &#x928;&#x939;&#x940;&#x902; &#x932;&#x917;&#x924;&#x93E;&#x964; &#x909;&#x938;&#x915;&#x940; &#x91A;&#x924;&#x941;&#x930;&#x93E;&#x908;, &#x939;&#x93E;&#x91C;&#x93C;&#x93F;&#x930;&#x91C;&#x935;&#x93E;&#x92C; &#x914;&#x930; &#x92E;&#x93E;&#x928;&#x935;-&#x935;&#x94D;&#x92F;&#x935;&#x939;&#x93E;&#x930; &#x915;&#x94B; &#x938;&#x92E;&#x91D;&#x928;&#x947; &#x915;&#x940; &#x915;&#x94D;&#x937;&#x92E;&#x924;&#x93E; &#x909;&#x938;&#x947; &#x90F;&#x915; &#x906;&#x915;&#x930;&#x94D;&#x937;&#x915; &#x935;&#x94D;&#x92F;&#x915;&#x94D;&#x924;&#x93F;&#x924;&#x94D;&#x935; &#x92A;&#x94D;&#x930;&#x926;&#x93E;&#x928; &#x915;&#x930;&#x924;&#x940; &#x939;&#x948;&#x964;</subfield>
  </datafield>
  <datafield tag="650" ind1=" " ind2=" ">
    <subfield code="a">Hindi Fiction: &#x939;&#x93F;&#x902;&#x926;&#x940; &#x915;&#x939;&#x93E;&#x928;&#x940; </subfield>
    <subfield code="9">69725</subfield>
  </datafield>
  <datafield tag="650" ind1=" " ind2=" ">
    <subfield code="a">Hindi Literature: &#x939;&#x93F;&#x902;&#x926;&#x940; &#x938;&#x93E;&#x939;&#x93F;&#x924;&#x94D;&#x92F; </subfield>
    <subfield code="9">69726</subfield>
  </datafield>
  <datafield tag="700" ind1=" " ind2=" ">
    <subfield code="a">DOYLE (Arthur Conan)</subfield>
    <subfield code="9">69727</subfield>
  </datafield>
  <datafield tag="700" ind1=" " ind2=" ">
    <subfield code="a">NIGAM (Sanjiv) Tr</subfield>
    <subfield code="9">69730</subfield>
  </datafield>
  <datafield tag="942" ind1=" " ind2=" ">
    <subfield code="2">ddc</subfield>
    <subfield code="c">BK</subfield>
  </datafield>
  <datafield tag="999" ind1=" " ind2=" ">
    <subfield code="c">226420</subfield>
    <subfield code="d">226420</subfield>
  </datafield>
  <datafield tag="952" ind1=" " ind2=" ">
    <subfield code="0">0</subfield>
    <subfield code="1">0</subfield>
    <subfield code="2">ddc</subfield>
    <subfield code="4">0</subfield>
    <subfield code="7">0</subfield>
    <subfield code="8">HIN</subfield>
    <subfield code="a">AL</subfield>
    <subfield code="b">AL</subfield>
    <subfield code="d">2023-01-23</subfield>
    <subfield code="e">Vidya Vihar Govind Nagar Kanpur 208006</subfield>
    <subfield code="g">212.00</subfield>
    <subfield code="l">0</subfield>
    <subfield code="o">H891.3 DOYN</subfield>
    <subfield code="p">076330</subfield>
    <subfield code="r">2023-01-24 00:00:00</subfield>
    <subfield code="v">250.00</subfield>
    <subfield code="w">2023-01-24</subfield>
    <subfield code="y">BK</subfield>
  </datafield>
</record>
